000 00898nam a2200265Ia 4500
003 OSt
005 20220926020742.0
006 a|||||r|||| 00| 0
007 ta
008 220923b |||||||| |||| 00| 0 eng d
020 _a9781402089121
_c7365.3100000000004
037 _b27749, 26/05/2009, Segment Book Distrobutors
_cGeneral Book
040 _aRTL
_cRTL
_beng
041 _2eng
_aeng
082 _aX:89F:(G:55), P8
100 _aSchaltegger Stefan
_9325062
245 0 _aEnvironmental management accounting for cleaner production
260 _aNew York
_bSpringer
_c2008
300 _axvii, 499p.
_ccm.
490 _aEco-Efficiency in Industry and Science, 24
500 _aBibliography chapterwise
650 _aCommerce
942 _hX:89F:(G:55), P8
_cGB
_2CC
999 _c634942
_d634942